Study on gastrointestinal parasites of cattle at koh thom district, kandal province; សិក្សាលើវត្តមានបរាសិតខាងក្នុងក្រពះពោះវៀនគោ នៅស្រុកកោះធំ ខេត្តណ្ដាល (Record no. 8201)

000 -LEADER
fixed length control field 00663nam a22001337a 4500
040 ## - CATALOGING SOURCE
Transcribing agency RUA
082 ## - DEWEY DECIMAL CLASSIFICATION NUMBER
Classification number VEM HOU 2015 B483 Or.1
100 ## - MAIN ENTRY--AUTHOR NAME
Personal name HOUR MENGHUY; ហួរ ម៉េងហ៊យ
245 ## - TITLE STATEMENT
Title Study on gastrointestinal parasites of cattle at koh thom district, kandal province; សិក្សាលើវត្តមានបរាសិតខាងក្នុងក្រពះពោះវៀនគោ នៅស្រុកកោះធំ ខេត្តណ្ដាល
260 ## - PUBLICATION, DISTRIBUTION, ETC. (IMPRINT)
Place of publication Phnom Penh
Name of publisher RUA
Year of publication 2015
300 ## - PHYSICAL DESCRIPTION
Number of Pages x;40p.
Other physical details ill.
Dimensions 29cm.
856 ## - ELECTRONIC LOCATION AND ACCESS
Uniform Resource Identifier https://drive.google.com/file/d/1f8DNdU7cq-osELyi87-xCfUjW2CN23ZR/view?usp=sharing
942 ## - ADDED ENTRY ELEMENTS (KOHA)
Koha item type VEM
952 ## - LOCATION AND ITEM INFORMATION (KOHA)
Withdrawn status [LOCAL, KOHA] 0
952 ## - LOCATION AND ITEM INFORMATION (KOHA)
Withdrawn status [LOCAL, KOHA] 0
952 ## - LOCATION AND ITEM INFORMATION (KOHA)
Withdrawn status [LOCAL, KOHA] 0
952 ## - LOCATION AND ITEM INFORMATION (KOHA)
Withdrawn status [LOCAL, KOHA] 0
952 ## - LOCATION AND ITEM INFORMATION (KOHA)
Withdrawn status [LOCAL, KOHA] 0
952 ## - LOCATION AND ITEM INFORMATION (KOHA)
Withdrawn status [LOCAL, KOHA] 0
952 ## - LOCATION AND ITEM INFORMATION (KOHA)
Withdrawn status [LOCAL, KOHA] 0
952 ## - LOCATION AND ITEM INFORMATION (KOHA)
Withdrawn status [LOCAL, KOHA] 0
952 ## - LOCATION AND ITEM INFORMATION (KOHA)
Withdrawn status [LOCAL, KOHA] 0
952 ## - LOCATION AND ITEM INFORMATION (KOHA)
Withdrawn status [LOCAL, KOHA] 0
Holdings
Permanent Location Date acquired Koha item type Lost status Shelving location Barcode Current Location Full call number
Library Block B2016-06-30VEM B483RUA059457Library Block BVEM HOU 2015 B483 Or.1
Library Block B2016-06-30VEM B483RUA058058Library Block BVEM HOU 2015 B483 Or.2
Library Block B2016-06-30VEM B483RUA057845Library Block BVEM HOU 2015 B483 Or.3
Library Block B2016-06-30VEM B483RUA057205Library Block BVEM HOU 2015 B483 Or.4
Library Block B2016-06-30VEM B483RUA057092Library Block BVEM HOU 2015 B483 Or.5
Library Block B2016-06-30VEM B483RUA057141Library Block BVEM HOU 2015 B483 Or.6
Library Block B2016-06-30VEM B483RUA057706Library Block BVEM HOU 2015 B483 Or.7
Library Block B2016-06-30VEM B483RUA057207Library Block BVEM HOU 2015 B483 Or.8
Library Block B2021-10-18VEM B693A065862Library Block BVEM HOU 2015 B693 Or.1
Library Block B2021-10-18VEM B693A067008Library Block BVEM HOU 2015 B693 Or.1
មជ្ឈមណ្ឌលឯការនៃសាកលវិទ្យាល័យភូមិន្ទកសិកម្មចំការដូង

Powered by Koha